| 000 | 00727nam a2200133Ia 4500 | ||
|---|---|---|---|
| 008 | 171212s9999 xx 000 0 und d | ||
| 020 | _a9780833084354 | ||
| 100 | _aSims, Carra S.;Hardison, Chaitra M.;Lytell, Maria C.;Robyn, Abby;Wong, Eunice C. | ||
| 245 |
_cSims, Carra S.;Hardison, Chaitra M.;Lytell, Maria C.;Robyn, Abby;Wong, Eunice C. _aStrength Testing in the Air Force _bCurrent Processes and Suggestions for Improvements |
||
| 260 |
_bRAND Corporation _c2014 |
||
| 650 | _aBusiness | ||
| 650 | _aUnited States. Air Force -- Physical training; Physical fitness -- Measurement; Physical fitness -- Evaluation; United States. Air Force -- Personnel management | ||
| 856 | _uhttp://www.jstor.org/stable/10.7249/j.ctt14bs3gx | ||
| 999 |
_c352577 _d352577 |
||